000 00765nam a22002297a 4500
005 20170124105934.0
010 _aA-677769
020 _c00.00
_a8121505559
035 _aA-677769
037 _bCen Lib/Ret
040 _aDPL
_bEN
082 _a230
_bSAS
100 _aSastri, K.A.Nilakanta
_991265
245 _aDevelopment of religion in South India /
_cby K.A. Nilakanta Sastri
260 _aDelhi
_bMunshiram Manoharlal Publishers Pvt. Ltd.
_c1963
270 _aPost Box 5751, 54 Rani Jhansi Road
_bNew Delhi
_e110055
300 _a148p.
_c21cm(Hb)
500 _aIncludes bibliographical references and index.
650 _aIndia -- Religion -- History.
_991266
650 _aHinduism -- India.
_991267
942 _2ddc
_cEN
_h230
_mSAS
999 _c124093
_d124093